| 000 | 01084nam a2200277Ia 4500 | ||
|---|---|---|---|
| 001 | Z_6025 | ||
| 008 | 220601s9999 xx 000 0 und d | ||
| 020 | _a978-607-12-0129-4 | ||
| 082 | _a636.085 G66 | ||
| 100 |
_aGonzález Embarcadero, Antonia _948874 |
||
| 245 | _aTécnicas microhistológica para la determinación de la composición botánica de la dieta de herbívoros / Antonia González Embarcadero y Ricardo Daniel Améndola Massiotti | ||
| 260 | _aMéxico : Universidad Autónoma Chapingo | ||
| 300 | _a121 p. | ||
| 503 | _aej.1: C/E \ ej.2: C/E \ ej.3: C/E \ ej.4: s/n (reposición por el mismo título y año) \ ej.5: s/n \ ej.6: s/n | ||
| 504 | _aBibliografía: p. 115 - 121 | ||
| 505 | _aIncluye Indice de figuras y cuadros | ||
| 650 | _a1. Nutrición Animal | ||
| 650 | _aAnatomía e histología | ||
| 650 |
_aHerbívoros _953702 |
||
| 700 |
_aI. Améndola Massiotti, Ricardo Daniel, coaut.Ì _9183074 |
||
| 901 | _a636.085 G66 | ||
| 902 | _aM | ||
| 905 | _a5232272010 mx d 8212223322spa16 | ||
| 942 | _c1 | ||
| 999 |
_c217039 _d217039 |
||